| 000 | 00709nam a22001937a 4500 | ||
|---|---|---|---|
| 999 |
_c12376 _d12376 |
||
| 003 | AR-CdUCM | ||
| 008 | 190408b ||||| |||| 00| 0 spa d | ||
| 040 |
_aMUNICIPALIDAD PROVINCIAL DEL CUSCO _cBIBLIOTECA MUNICIPAL DEL CUSCO |
||
| 082 |
_a869.26 / _bR77 / 1939 |
||
| 100 |
_aRojas, Ricardo _912413 |
||
| 245 | _aUn titán de los andes / | ||
| 260 |
_aArgentina : _bLosada, _c1939. |
||
| 300 |
_a191 páginas ; _c18 cm. |
||
| 505 | _aOrígenes de la leyenda -- Ollantay en la Argentina --Tradiciones arqueologicos -- Rapsodia colonial -- Restauración del mito -- Nueva fabula... | ||
| 650 |
_aDrama Ollantay. _930206 |
||
| 650 |
_aOllantaytambo. _93165 |
||
| 942 |
_2ddc _cLIBROS |
||
| 945 |
_awfj _d2019-04-08 |
||